Normal view MARC view
  • Nardi G., Marconi P., Pontuale L., Ranzi M., Taggi F., Guzzanti E.,

Entry Personal Name

Number of records used in: 1

001 - CONTROL NUMBER

  • control field: 63297

003 - CONTROL NUMBER IDENTIFIER

  • control field:

005 - DATE AND TIME OF LATEST TRANSACTION

  • control field: 20260130160936.0

008 - FIXED-LENGTH DATA ELEMENTS

  • fixed length control field: 260130|| aca||aabn | a|a d

040 ## - CATALOGING SOURCE

  • Original cataloging agency:
  • Transcribing agency:

100 ## - HEADING--PERSONAL NAME

  • Personal name: Nardi G., Marconi P., Pontuale L., Ranzi M., Taggi F., Guzzanti E.,
  • Personal name: Mastrilli F., Spinelli F., Tucci P., Barnabei R., Banchero A., Del Nord R.,
  • Personal name: Cantanti C., Montesi A., Setti Bassanini M.C., Donini V., Scapicchio P., Bianchetti A.,
  • Personal name: Scorsone A

670 ## - SOURCE DATA FOUND

  • Source citation: Work cat.: ()238576: Palumbo Roberto 63296, La casa per l'uomo fragile, 1993
CREDITS: SOCIETA' SAN PAOLO Via A.Severo, 58 - ROMA (RM) & PERIODICI SAN PAOLO SRL Via Giotto, 36 MILANO & CISF Via Giotto, 36 MILANO & EDIZIONI SAN PAOLO SRL,  Piazza Soncino, 5 CINISELLO BALSAMO (MI) -- ITALY